<?xml version="1.0" encoding="UTF-8"?>
<record
    xmlns:xsi="http://www.w3.org/2001/XMLSchema-instance"
    xsi:schemaLocation="http://www.loc.gov/MARC21/slim http://www.loc.gov/standards/marcxml/schema/MARC21slim.xsd"
    xmlns="http://www.loc.gov/MARC21/slim">

  <leader>00130    a2200073   4500</leader>
  <datafield tag="245" ind1=" " ind2=" ">
    <subfield code="a">Engineering Drawing</subfield>
  </datafield>
  <datafield tag="942" ind1=" " ind2=" ">
    <subfield code="c">BK</subfield>
  </datafield>
  <datafield tag="100" ind1=" " ind2=" ">
    <subfield code="a">Shaw M. B</subfield>
  </datafield>
  <datafield tag="999" ind1=" " ind2=" ">
    <subfield code="c">13</subfield>
    <subfield code="d">13</subfield>
  </datafield>
  <datafield tag="952" ind1=" " ind2=" ">
    <subfield code="0">0</subfield>
    <subfield code="1">0</subfield>
    <subfield code="2">udc</subfield>
    <subfield code="4">1</subfield>
    <subfield code="5">1</subfield>
    <subfield code="7">0</subfield>
    <subfield code="a">IIITDM</subfield>
    <subfield code="b">IIITDM</subfield>
    <subfield code="d">2010-07-31</subfield>
    <subfield code="l">9</subfield>
    <subfield code="m">3</subfield>
    <subfield code="o">621.7:744 SHA </subfield>
    <subfield code="p">0000079</subfield>
    <subfield code="r">2018-09-07 00:00:00</subfield>
    <subfield code="s">2018-08-27</subfield>
    <subfield code="v">0.00</subfield>
    <subfield code="w">2010-07-31</subfield>
    <subfield code="y">BK</subfield>
    <subfield code="z">MECH</subfield>
  </datafield>
  <datafield tag="952" ind1=" " ind2=" ">
    <subfield code="0">0</subfield>
    <subfield code="1">0</subfield>
    <subfield code="2">udc</subfield>
    <subfield code="4">0</subfield>
    <subfield code="7">0</subfield>
    <subfield code="a">IIITDM</subfield>
    <subfield code="b">IIITDM</subfield>
    <subfield code="d">2010-07-31</subfield>
    <subfield code="l">13</subfield>
    <subfield code="m">10</subfield>
    <subfield code="o">621.7:744 SHA </subfield>
    <subfield code="p">0000080</subfield>
    <subfield code="r">2025-04-24 00:00:00</subfield>
    <subfield code="s">2025-03-17</subfield>
    <subfield code="v">0.00</subfield>
    <subfield code="w">2010-07-31</subfield>
    <subfield code="y">BK</subfield>
    <subfield code="z">MECH</subfield>
  </datafield>
  <datafield tag="952" ind1=" " ind2=" ">
    <subfield code="0">0</subfield>
    <subfield code="1">1</subfield>
    <subfield code="2">udc</subfield>
    <subfield code="4">0</subfield>
    <subfield code="7">0</subfield>
    <subfield code="a">IIITDM</subfield>
    <subfield code="b">IIITDM</subfield>
    <subfield code="d">2010-07-31</subfield>
    <subfield code="h">Replaced to Acc No 1160</subfield>
    <subfield code="l">1</subfield>
    <subfield code="o">621.7:744 SHA </subfield>
    <subfield code="p">0000081</subfield>
    <subfield code="r">2011-01-29 00:00:00</subfield>
    <subfield code="s">2010-12-11</subfield>
    <subfield code="v">0.00</subfield>
    <subfield code="w">2010-07-31</subfield>
    <subfield code="y">BK</subfield>
    <subfield code="z">MECH</subfield>
  </datafield>
</record>
